Cities in Poland - Statistics

General Stats
  • This quiz has been taken 4 times
  • The average score is 6 of 12
Answer Stats
Picture Answer % Correct
Gdańsk
100%
Kraków
100%
Wrocław
75%
Łódź
50%
Poznań
50%
Szczecin
50%
Warszawa
50%
Zakopane
50%
Lublin
25%
Sopot
25%
Mrągowo
0%
Olsztyn
0%
No matching quizzes found
Score Distribution
Percent of People with Each Score
Percentile by Number Answered
Your Score History
You have not taken this quiz